Statistics for Europe Map with Random Merged Countries

Click here to take the quiz!

General Stats

  • This quiz has been taken 208,675 times
  • The average score is 11 of 12

Answers on the Map

Answers color-coded by a green-red scale on the quiz's map according to % correct below.
 

Answer Stats

Group NameCountry% Correct
Merged CountriesFrance
99%
Merged CountriesFrance
98%
Merged CountriesFrance
98%
Merged CountriesGermany
98%
Merged CountriesGermany
98%
Merged CountriesItaly
98%
Merged CountriesSpain
98%
Merged CountriesNorway
97%
Merged CountriesPoland
97%
Merged CountriesPoland
97%
Merged CountriesPoland
97%
Merged CountriesSweden
97%
Merged CountriesUkraine
97%
Merged CountriesUkraine
97%
Merged CountriesGermany
96%
Merged CountriesItaly
96%
Merged CountriesRussia
96%
Merged CountriesUkraine
96%
Merged CountriesUkraine
96%
Merged CountriesGermany
95%
Merged CountriesGermany
95%
Merged CountriesRussia
95%
Merged CountriesRussia
95%
Merged CountriesUkraine
95%
Merged CountriesAustria
94%
Merged CountriesBelarus
94%
Merged CountriesFinland
94%
Merged CountriesGermany
94%
Merged CountriesItaly
94%
Merged CountriesPoland
94%
Merged CountriesPoland
94%
Merged CountriesUkraine
94%
Merged CountriesUnited Kingdom
94%
Merged CountriesAustria
93%
Merged CountriesAustria
93%
Merged CountriesAustria
93%
Merged CountriesAustria
93%
Merged CountriesBelarus
93%
Merged CountriesGermany
93%
Merged CountriesPoland
93%
Merged CountriesRomania
93%
Merged CountriesRomania
93%
Merged CountriesSpain
93%
Merged CountriesAustria
92%
Merged CountriesFrance
92%
Merged CountriesPortugal
92%
Merged CountriesRomania
92%
Merged CountriesSwitzerland
92%
Merged CountriesSwitzerland
92%
Merged CountriesBelarus
91%
Merged CountriesGreece
91%
Merged CountriesIreland
91%
Merged CountriesLatvia
91%
Merged CountriesRomania
91%
Merged CountriesAustria
90%
Merged CountriesBelarus
90%
Merged CountriesBelgium
90%
Merged CountriesCzech Republic
90%
Merged CountriesFrance
90%
Merged CountriesHungary
90%
Merged CountriesItaly
90%
Merged CountriesRussia
90%
Merged CountriesRussia
90%
Merged CountriesBelgium
89%
Merged CountriesBulgaria
89%
Merged CountriesCroatia
89%
Merged CountriesCzech Republic
89%
Merged CountriesCzech Republic
89%
Merged CountriesFinland
89%
Merged CountriesGreece
89%
Merged CountriesHungary
89%
Merged CountriesLatvia
89%
Merged CountriesNetherlands
89%
Merged CountriesSweden
89%
Merged CountriesSwitzerland
89%
Merged CountriesBelgium
88%
Merged CountriesCroatia
88%
Merged CountriesCroatia
88%
Merged CountriesCzech Republic
88%
Merged CountriesHungary
88%
Merged CountriesHungary
88%
Merged CountriesLatvia
88%
Merged CountriesLithuania
88%
Merged CountriesSerbia
88%
Merged CountriesSerbia
88%
Merged CountriesSerbia
88%
Merged CountriesSlovakia
88%
Merged CountriesUkraine
88%
Merged CountriesBosnia and
Herzegovina
87%
Merged CountriesBulgaria
87%
Merged CountriesBulgaria
87%
Merged CountriesHungary
87%
Merged CountriesSerbia
87%
Merged CountriesSerbia
87%
Merged CountriesSlovakia
87%
Merged CountriesSlovakia
87%
Merged CountriesSlovakia
87%
Merged CountriesSwitzerland
87%
Merged CountriesBelarus
86%
Merged CountriesEstonia
86%
Merged CountriesGreece
86%
Merged CountriesHungary
86%
Merged CountriesLatvia
86%
Merged CountriesLithuania
86%
Merged CountriesNetherlands
86%
Merged CountriesSlovakia
86%
Merged CountriesAlbania
85%
Merged CountriesBosnia and
Herzegovina
85%
Merged CountriesEstonia
85%
Merged CountriesLithuania
85%
Merged CountriesRomania
84%
Merged CountriesSlovenia
84%
Merged CountriesBulgaria
83%
Merged CountriesSlovenia
83%
Merged CountriesMoldova
81%
Merged CountriesAlbania
80%
Merged CountriesCroatia
80%
Merged CountriesMoldova
80%
Merged CountriesNorth Macedonia
80%
Merged CountriesNorth Macedonia
80%
Merged CountriesNorth Macedonia
78%
Merged CountriesSlovenia
78%
Merged CountriesFinland
77%
Merged CountriesNorway
77%

Score Distribution

Percentile by Number Answered

Percent of People with Each Score

Your Score History

You have not taken this quiz